Κατάλογος Βιβλιοθηκών Mediterranean College

Environment of International Business (Record no. 752)

MARC details
000 -LEADER
fixed length control field 01453cam a22001934a 4500
005 - ΗΜΕΡΟΜΗΝΙΑ ΚΑΙ ΩΡΑ ΤΕΛΕΥΤΑΙΑΣ ΕΝΗΜΕΡΩΣΗΣ
Πεδίο ελέγχου 20250605163944.0
008 - FIXED-LENGTH DATA ELEMENTS--GENERAL INFORMATION
Πεδίο ελέγχου σταθερού μήκους 250528s ||||||||||||||||||||||||d
035 ## - SYSTEM CONTROL NUMBER
System control number 15158
020 ## - ISBN
ISBN 534010385
040 ## - ΠΗΓΗ ΚΑΤΑΛΟΓΟΓΡΑΦΗΣΗΣ
Φορέας πρωτότυπης καταλογογράφησης MC Athens Campus Library
Γλώσσα καταλογογράφησης Ελληνικά, Μοντέρνα (1453-)
Modifying agency MC Athens Campus Library
Κανόνες περιγραφικής καταλογογράφησης AACR2
245 1# - ΤΙΤΛΟΣ ΚΑΙ ΔΗΛΩΣΗ ΥΠΕΥΘΥΝΟΤΗΤΑΣ
Τίτλος Environment of International Business
260 ## - PUBLICATION, DISTRIBUTION, ETC.
Name of publisher, distributor, etc. Kent Publishing,
Date of publication, distribution, etc. 1982
300 ## - PHYSICAL DESCRIPTION
Extent 494
520 ## - SUMMARY, ETC.
Summary, etc. The Scope and Context of International Business, The Expanding Scope of International Business, The Environmental Context of International Business, International Trade, Economics of International Trade, National Control of International Trade, United States Trade Policy, Financial Environment of International Business, International Payments, The Balance of Payments, Transnational Dimensions of International Financial Environments, The Growth and Structure of Multinational Companies, Concepts and Growth of Multinational Companies, Conceptual Perspectives on Multinational Business Expansion, Business Stimuli for Multinational Business Expansions, Organization and Structure of MNCs, Foreign-Based Affiliates, Multinational Companies in World Society, MNCs and Home Societies, Environmental Dynamics: North-South Business Relations, The Business Environment in Developing Countries, Environmental Dynamics: East-West Business Relations, International Integration, Appendix, Index.
700 1# - ΠΡΟΣΘΕΤΗ ΑΝΑΓΡΑΦΗ--ΦΥΣΙΚΟ ΠΡΟΣΩΠΟ
Personal name Kolde Jacob-Endel
9 (RLIN) 1018
942 ## - ADDED ENTRY ELEMENTS (KOHA)
Koha item type Books
Holdings
Τύπος τεκμηρίου Βιβλιοθήκη Τρέχουσα τοποθεσία Barcode Αριθμός εισαγωγής Ημερομηνία απόκτησης Ταξιθετικό σύμβολο Αριθμός αντιτύπου Κατάσταση απόσυρσης Κατάσταση χαμένου Κατάσταση κατεστραμμένου Μη δανεισμός Σύνολο δανεισμών Ημερομηνία τελευταίας εμφάνισης Η τιμή ισχύει από
Books MC Athens Campus Library MC Athens Campus Library 9780000007513 1390 05/06/2025 658/.049 KOL 1           05/06/2025 05/06/2025

MC Athens Campus Library
Πατησίων 94 & Κοδριγκτώνος 13, 104 34
Πελλήνης 8 & Πατησίων 107, 112 51
Τ: +30 210 8899600

MC Thessaloniki Campus Library
Ίωνος Δραγούμη 21, 54625 | Ίωνος Δραγούμη 15, 54625
Τ: +30 2310 287779 – Τ: +30 2314 440300